Relación entre educación e ingresos en las regiones geográficas de Argentina /
Se indaga la relación empírica entre el ingreso y la educación revivida, para trabajadores de seis regiones de Argentina en el año 2010, para ello se emplean datos de la Encuesta Permanente de Hogares. Además se realiza una breve revisión sobre la relación existente entre educación e ingresos. Por o...
Guardat en:
| Autor principal: | |
|---|---|
| Altres autors: | |
| Format: | Text |
| Matèries: | |
| Etiquetes: |
Afegir etiqueta
Sense etiquetes, Sigues el primer a etiquetar aquest registre!
|
MARC
| LEADER | 00000 a a2200000 04500 | ||
|---|---|---|---|
| 001 | 43676 | ||
| 003 | |||
| 040 | |||
| 100 | |a Galassi, Gabriela Liliana | ||
| 245 | |a Relación entre educación e ingresos en las regiones geográficas de Argentina / |c Gabriela Liliana Galassi ; Marcos Javier Andrada | ||
| 500 | |a gabygalassi0502@gmail.com |a marcosandrada80@gmail.com | ||
| 520 | |a Se indaga la relación empírica entre el ingreso y la educación revivida, para trabajadores de seis regiones de Argentina en el año 2010, para ello se emplean datos de la Encuesta Permanente de Hogares. Además se realiza una breve revisión sobre la relación existente entre educación e ingresos. Por otro lado, se emplea la Ecuación de Mincer, con algunas modificaciones: la corrección de Heckman por sesgo de selección y la introducción de una serie de variables socioeconómicas y demográficas importantes. | ||
| 590 | |a KSR/OCTUBRE2012 | ||
| 650 | |a 1.EDUCACION | ||
| 650 | |a 2.GENERACION DE INGRESOS | ||
| 650 | |a 3.CONCENTRACION DEL CAPITAL | ||
| 650 | |a 4.ANALISIS ESTADISTICO | ||
| 650 | |a 5.ARGENTINA | ||
| 700 | |a Andrada, Marcos Javier | ||
| 773 | |g volumen17, número69 ( , 2011), páginas 257-290 : tablas, gráficos, mapas | ||
| 999 | |c 35371 |d 35371 | ||
